Adman Madman: Unapologetically Prahlad (Record no. 41474)

MARC details
000 -LEADER
fixed length control field 00378nam a2200133Ia 4500
008 - FIXED-LENGTH DATA ELEMENTS--GENERAL INFORMATION
fixed length control field 240719s9999 xx 000 0 und d
041 ## - LANGUAGE CODE
Language code of text/sound track or separate title eng
082 ## - DEWEY DECIMAL CLASSIFICATION NUMBER
Classification number 920 KAK
100 ## - MAIN ENTRY--PERSONAL NAME
Personal name Kakar, Prahlad
245 ## - TITLE STATEMENT
Title Adman Madman: Unapologetically Prahlad
260 ## - PUBLICATION, DISTRIBUTION, ETC.
Place of publication, distribution, etc. New Dehli
Name of publisher, distributor, etc. HarperCollins India
Date of publication, distribution, etc. 2023
300 ## - PHYSICAL DESCRIPTION
Extent 526;. P. 22 cm
520 ## - SUMMARY, ETC.
Summary, etc. Faculty Purchase By Dr. Jitendra Sharma
Holdings
Withdrawn status Lost status Damaged status Not for loan Home library Current library Shelving location Date acquired Source of acquisition Cost, normal purchase price Full call number Barcode Date last seen Price effective from Koha item type
        IMTN IMTN Rack 42-B 12/12/2023 Amazon 635.00 920 KAK 33169 07/19/2024 11/22/2023 Books
Designed & Maintained by: LRC IMT Nagpur Contact: lrc@imtnag.ac.in© 2024. All Rights Reserved.